[Event "American Cup Blitz 2026"]
[Site "Saint Louis USA"]
[Date "2026.03.02"]
[Round "4.30"]
[White "Boros, Denes"]
[Black "Zatonskih, Anna"]
[Result "1-0"]
[WhiteTitle "GM"]
[BlackTitle "IM"]
[WhiteElo "2371"]
[BlackElo "2328"]
[WhiteFideId "722340"]
[BlackFideId "14101572"]
[EventDate "2026.03.02"]

1. d4 d5 2. Bf4 e6 3. c4 Nf6 4. Nd2 Bd6 5. Bg5 h6 6. Bh4 O-O 7. Ngf3 Be7 8. Qc2
b6 9. e4 Nxe4 10. Bxe7 Qxe7 11. Nxe4 dxe4 12. Qxe4 Qb4+ 13. Nd2 c6 14. O-O-O Qa4
15. a3 Nd7 16. Bd3 Nf6 17. Qe2 c5 18. Bc2 Qa5 19. Ne4 Nd7 20. d5 e5 21. g4 b5
22. cxb5 Rb8 23. Nc3 a6 24. Qd3 Nf6 25. h4 Bxg4 26. Rdg1 Bh5 1-0

[Event "American Cup Blitz 2026"]
[Site "Saint Louis USA"]
[Date "2026.03.02"]
[Round "4.31"]
[White "Cervantes Landeiro, Thalia"]
[Black "Abrahamyan, Tatev"]
[Result "1-0"]
[WhiteTitle "FM"]
[BlackTitle "IM"]
[WhiteElo "2247"]
[BlackElo "2379"]
[WhiteFideId "3520498"]
[BlackFideId "13301918"]
[EventDate "2026.03.02"]

1. d4 Nf6 2. c4 g6 3. Nc3 Bg7 4. e4 d6 5. f4 O-O 6. Nf3 c5 7. d5 e6 8. dxe6 fxe6
9. Bd3 Nc6 10. O-O Nd4 11. Kh1 a6 12. Be3 Nh5 13. f5 exf5 14. Bg5 Qe8 15. Nxd4
cxd4 16. Nd5 fxe4 17. Ne7+ Kh8 18. Bxe4 Nf6 19. Bxf6 Bxf6 20. Nd5 Qxe4 21. Nxf6
Qe5 22. Nd5 Bf5 23. Re1 Be4 24. Qg4 Rae8 25. h3 Rf2 26. Rg1 Qf5 27. Qh4 d3 28.
Rad1 d2 29. Ne3 Qe5 30. Ng4 Bxg2+ 1-0

[Event "American Cup Blitz 2026"]
[Site "Saint Louis USA"]
[Date "2026.03.02"]
[Round "4.32"]
[White "Yu, Jennifer"]
[Black "Antova, Gabriela"]
[Result "0-1"]
[WhiteTitle "FM"]
[BlackTitle "FM"]
[WhiteElo "2299"]
[BlackElo "2168"]
[WhiteFideId "2078341"]
[BlackFideId "2915235"]
[EventDate "2026.03.02"]

1. Nf3 d5 2. g3 Nd7 3. d4 Nb6 4. Bg2 Bf5 5. O-O h6 6. Nbd2 e6 7. c4 c6 8. c5 Nd7
9. b4 a5 10. bxa5 Rxa5 11. Nb3 Ra8 12. Bf4 Be7 13. Nfd2 Ngf6 14. f3 O-O 15. e4
dxe4 16. fxe4 Bh7 17. Qe2 e5 18. dxe5 Ne8 19. e6 fxe6 20. Qc4 Kh8 21. Be3 e5 22.
a4 Bg8 23. Qc3 Nef6 24. Nc4 Ng4 25. Rfd1 Bxc4 26. Bc1 Bxb3 27. Qxb3 Bxc5+ 0-1

[Event "American Cup Blitz 2026"]
[Site "Saint Louis USA"]
[Date "2026.03.02"]
[Round "4.33"]
[White "Apaar Saxena"]
[Black "Gueci, Tea"]
[Result "1-0"]
[WhiteTitle "FM"]
[BlackTitle "WIM"]
[WhiteElo "2263"]
[BlackElo "2138"]
[WhiteFideId "25937219"]
[BlackFideId "872342"]
[EventDate "2026.03.02"]

1. Nf3 d5 2. b3 c5 3. e3 Nc6 4. Bb2 Nf6 5. Bb5 e6 6. O-O Be7 7. Ne5 Qc7 8. f4
O-O 9. Bxc6 bxc6 10. d3 a5 11. a4 Ba6 12. Nd2 Rab8 13. Rb1 Rfd8 14. g4 d4 15. e4
Nd7 16. Nxd7 Rxd7 17. Qf3 e5 18. f5 Bg5 19. Rbd1 Bxd2 20. Rxd2 c4 21. dxc4 Bxc4
22. bxc4 Rxb2 23. f6 gxf6 24. Qxf6 Qb6 25. Rf5 d3+ 26. Kg2 Qd4 27. Rg5+ Kf8 28.
Qh8+ Ke7 29. Rxe5+ Kd6 30. Rd5+ cxd5 31. Qxd4 Rxc2 32. Qxd3 Rxd2+ 33. Qxd2 Kc7
34. cxd5 1-0

[Event "American Cup Blitz 2026"]
[Site "Saint Louis USA"]
[Date "2026.03.02"]
[Round "5.1"]
[White "Pranav, V"]
[Black "Mishra, Abhimanyu"]
[Result "0-1"]
[WhiteTitle "GM"]
[BlackTitle "GM"]
[WhiteElo "2641"]
[BlackElo "2629"]
[WhiteFideId "25060783"]
[BlackFideId "30920019"]
[EventDate "2026.03.02"]

1. Nf3 Nf6 2. g3 d5 3. Bg2 e6 4. O-O Be7 5. d3 O-O 6. Nbd2 c5 7. e4 Nc6 8. Re1
b5 9. e5 Nd7 10. Nf1 Bb7 11. h4 Qc7 12. Bf4 Rfc8 13. h5 h6 14. Ne3 Qd8 15. Ng4
Bf8 16. c4 bxc4 17. dxc4 dxc4 18. Qe2 Nb4 19. b3 c3 20. Red1 Nd5 21. Rac1 a5 22.
Ne3 N7b6 23. Qe1 Qe8 24. Nh2 a4 25. Nhg4 axb3 26. axb3 Qe7 27. Bxh6 gxh6 28.
Nf6+ Nxf6 29. exf6 Qc7 30. Qxc3 Bxg2 31. Nxg2 Nd5 32. Qb2 Qd8 33. Qe5 Bd6 34.
Qe2 Qxf6 35. Rc4 Kh8 36. Ne3 Ra1 37. Rxa1 Qxa1+ 38. Kg2 Qe5 39. Qf3 Nxe3+ 40.
fxe3 f5 41. e4 Rg8 42. Rc3 Qxe4 0-1

[Event "American Cup Blitz 2026"]
[Site "Saint Louis USA"]
[Date "2026.03.02"]
[Round "5.2"]
[White "So, Wesley"]
[Black "Bok, Benjamin"]
[Result "1-0"]
[WhiteTitle "GM"]
[BlackTitle "GM"]
[WhiteElo "2753"]
[BlackElo "2592"]
[WhiteFideId "5202213"]
[BlackFideId "1017063"]
[EventDate "2026.03.02"]

1. e4 c5 2. Nf3 d6 3. d4 cxd4 4. Nxd4 Nf6 5. Nc3 a6 6. Be2 e5 7. Nb3 Be7 8. O-O
O-O 9. Bf3 Be6 10. Be3 Nbd7 11. a4 Nb6 12. Nd2 Rc8 13. a5 Nc4 14. Nxc4 Rxc4 15.
Na4 d5 16. exd5 Nxd5 17. Bxd5 Qxd5 18. Qxd5 Bxd5 19. Nb6 Be6 20. Nxc4 Bxc4 21.
Rfd1 Be6 22. f4 exf4 23. Bxf4 Rc8 24. c3 h6 25. Bd6 Bg5 26. Kf2 Kh7 27. Rd4 Bf6
28. Rb4 Bd5 29. Re1 Bd8 30. Re5 Bc6 31. g3 Bf6 32. Re2 Bd8 33. Rf4 Bxa5 34. Rxf7
Bb6+ 35. Ke1 Kg6 36. Rfe7 Bb5 37. R2e6+ Kf5 38. Bf4 Ba7 39. Re5+ Kg4 40. Rxb7
Bg1 41. Rxg7+ Kf3 42. Rf7 Kg2 43. Be3 1-0

[Event "American Cup Blitz 2026"]
[Site "Saint Louis USA"]
[Date "2026.03.02"]
[Round "5.3"]
[White "Dominguez Perez, Leinier"]
[Black "Hong, Andrew"]
[Result "1/2-1/2"]
[WhiteTitle "GM"]
[BlackTitle "GM"]
[WhiteElo "2738"]
[BlackElo "2587"]
[WhiteFideId "3503240"]
[BlackFideId "2099438"]
[EventDate "2026.03.02"]

1. e4 e5 2. Nf3 Nc6 3. Bc4 Bc5 4. c3 Nf6 5. d3 d6 6. O-O a6 7. Re1 Ba7 8. Nbd2
O-O 9. Nf1 Na5 10. Bb3 Nxb3 11. axb3 h6 12. h3 Re8 13. Ng3 Bd7 14. d4 Bb6 15.
Bd2 a5 16. Qc2 Qe7 17. Rad1 a4 18. bxa4 Bxa4 19. b3 Bd7 20. Be3 exd4 21. Bxd4
Ra6 22. e5 dxe5 23. Bxe5 Be6 24. Nf5 Bxf5 25. Qxf5 Qe6 26. Qc2 Rc8 27. Nh4 Qc6
28. Nf5 Bc5 29. Bd4 Bf8 30. Qd3 Ra5 31. b4 Rd5 32. Qf3 Rcd8 33. Ra1 Nh7 34. Ne3
R5d6 35. Qxc6 Rxc6 36. Ra7 b5 37. Nf5 Ng5 38. Bxg7 Rd5 39. Bxf8 Rxf5 40. Bc5 Ne6
41. Ra8+ Kh7 42. Rb8 Nxc5 43. bxc5 Rcxc5 44. Re3 Rf6 45. g4 Kg7 46. Kg2 Rfc6 47.
Rf3 Rxc3 48. Rxc3 Rxc3 49. Rxb5 Rc4 1/2-1/2

[Event "American Cup Blitz 2026"]
[Site "Saint Louis USA"]
[Date "2026.03.02"]
[Round "5.4"]
[White "Cordova, Emilio"]
[Black "Caruana, Fabiano"]
[Result "0-1"]
[WhiteTitle "GM"]
[BlackTitle "GM"]
[WhiteElo "2494"]
[BlackElo "2795"]
[WhiteFideId "3801497"]
[BlackFideId "2020009"]
[EventDate "2026.03.02"]

1. d4 Nf6 2. Bg5 Nc6 3. e3 e5 4. Nf3 h6 5. Bh4 exd4 6. Nxd4 d5 7. Be2 Be7 8. c4
Nxd4 9. Qxd4 c5 10. Qd3 Be6 11. cxd5 Nxd5 12. Bxe7 Qxe7 13. O-O O-O 14. Nc3 Rfd8
15. Bf3 Nb6 16. Qe4 Rab8 17. Bg4 Re8 18. Rfd1 Bxg4 19. Qxg4 Rbd8 20. a4 Nd7 21.
Rdc1 Ne5 22. Qe2 c4 23. Rd1 Rd3 24. Nd5 Qd7 25. Nf4 Rxd1+ 26. Qxd1 Rd8 27. Qe2
Qd2 28. Kf1 g6 29. h4 Kg7 30. Re1 c3 31. bxc3 Qxc3 32. Rd1 Rxd1+ 33. Qxd1 a6 34.
h5 g5 35. Ne2 Qc4 36. Kg1 Qd3 37. Qa1 Qxe2 38. Qxe5+ Kg8 39. Qe8+ Kg7 40. Qe5+
Kh7 41. Qf5+ Kg8 42. Qc8+ Kg7 43. Qc3+ Kh7 44. Qb4 Qd1+ 45. Kh2 Qxh5+ 46. Kg3
Qh4+ 47. Qxh4 gxh4+ 0-1

[Event "American Cup Blitz 2026"]
[Site "Saint Louis USA"]
[Date "2026.03.02"]
[Round "5.5"]
[White "Gazik, Viktor"]
[Black "Aronian, Levon"]
[Result "1-0"]
[WhiteTitle "GM"]
[BlackTitle "GM"]
[WhiteElo "2537"]
[BlackElo "2729"]
[WhiteFideId "14928752"]
[BlackFideId "13300474"]
[EventDate "2026.03.02"]

1. e4 c5 2. Nc3 Nc6 3. Bb5 Qc7 4. Bxc6 dxc6 5. d3 e5 6. Nge2 Be6 7. f4 f6 8. b3
O-O-O 9. O-O c4 10. bxc4 Bxc4 11. Be3 Ba6 12. a4 Bb4 13. Qe1 f5 14. exf5 Nf6 15.
Nb5 Qe7 16. Nxa7+ Kd7 17. Qg3 Rhe8 18. Bb6 e4 19. Nd4 exd3 20. Ne6 Nd5 21. Bd4
dxc2 22. Rfc1 Qf7 23. Nc5+ Bxc5 24. Bxc5 1-0

[Event "American Cup Blitz 2026"]
[Site "Saint Louis USA"]
[Date "2026.03.02"]
[Round "5.6"]
[White "Bharath, Subramaniyam H"]
[Black "Woodward, Andy"]
[Result "0-1"]
[WhiteTitle "GM"]
[BlackTitle "GM"]
[WhiteElo "2595"]
[BlackElo "2608"]
[WhiteFideId "46634827"]
[BlackFideId "30953499"]
[EventDate "2026.03.02"]

1. e4 c5 2. Nf3 d6 3. d4 cxd4 4. Nxd4 Nf6 5. Nc3 Nc6 6. Bg5 g6 7. Bb5 Bd7 8.
Bxf6 exf6 9. Bc4 Bg7 10. O-O O-O 11. Ndb5 f5 12. Nxd6 Nd4 13. exf5 Bc6 14. Nde4
gxf5 15. Nd2 b5 16. Bb3 Bh6 17. Kh1 Kh8 18. f3 Bf4 19. Rf2 Qh4 20. Qg1 Bxd2 21.
Rxd2 Nxf3 22. gxf3 Bxf3+ 23. Rg2 Rg8 24. Bd5 Rxg2 25. Bxf3 Rxg1+ 26. Rxg1 Rg8
27. Rf1 Qc4 28. Rd1 b4 29. Nd5 Qxc2 30. Nf6 Qf2 31. Bb7 Qe2 32. Rc1 Qxb2 0-1

[Event "American Cup Blitz 2026"]
[Site "Saint Louis USA"]
[Date "2026.03.02"]
[Round "5.7"]
[White "Durarbayli, Vasif"]
[Black "Lodici, Lorenzo"]
[Result "1-0"]
[WhiteTitle "GM"]
[BlackTitle "GM"]
[WhiteElo "2612"]
[BlackElo "2590"]
[WhiteFideId "13402935"]
[BlackFideId "884189"]
[EventDate "2026.03.02"]

1. e4 e5 2. Nf3 Nc6 3. d4 exd4 4. Nxd4 Bc5 5. Nb3 Bb6 6. Qe2 a5 7. a4 d6 8. Be3
Bxe3 9. Qxe3 Nge7 10. Nc3 Be6 11. O-O-O O-O 12. f4 f5 13. Nc5 Bc8 14. Bc4+ Kh8
15. e5 Nb4 16. exd6 cxd6 17. Rhe1 Nec6 18. Ne6 Bxe6 19. Qxe6 Rc8 20. g3 Rf6 21.
Qe3 h6 22. Kb1 Rf8 23. Bb3 Qf6 24. Qe6 Rcd8 25. Nb5 d5 26. Qxf6 Rxf6 27. c3 Na6
28. Rxd5 Rxd5 29. Bxd5 Nc5 30. Re8+ Kh7 31. b3 g5 32. Nd4 Nxd4 33. cxd4 Nd3 34.
Re7+ Kg6 35. Re3 Nb4 36. Bxb7 Rd6 37. d5 Kh5 38. Re5 Kg4 39. Bc8 gxf4 40. Bxf5+
Kf3 41. Be4+ Ke3 42. Bh1+ Kd4 43. gxf4 Rf6 44. Re4+ Kd3 45. Rc4 Rg6 46. Be4+ Kd2
47. Bxg6 1-0

[Event "American Cup Blitz 2026"]
[Site "Saint Louis USA"]
[Date "2026.03.02"]
[Round "5.8"]
[White "Warmerdam, Max"]
[Black "Kevlishvili, Robby"]
[Result "1/2-1/2"]
[WhiteTitle "GM"]
[BlackTitle "GM"]
[WhiteElo "2580"]
[BlackElo "2527"]
[WhiteFideId "1048104"]
[BlackFideId "1040634"]
[EventDate "2026.03.02"]

1. Nf3 d5 2. g3 g6 3. c4 c6 4. Qa4 dxc4 5. Qxc4 Bg7 6. Bg2 Nf6 7. O-O O-O 8. Qc2
Na6 9. a3 Nc7 10. b3 a5 11. Bb2 Bg4 12. d3 Qc8 13. Re1 Re8 14. Nbd2 Bh3 15. Bh1
Qg4 16. Nc4 Qh5 17. Rac1 Ne6 18. Nce5 Ng4 19. Nxg4 Bxb2 20. Qxb2 Bxg4 21. h4
Rad8 22. Rc4 Bxf3 23. Bxf3 Qb5 24. b4 Qb6 25. Bg2 Rd4 26. Rxd4 Nxd4 27. e3 Nf5
28. Rb1 axb4 29. axb4 Ra8 30. Qe5 Qd8 31. d4 Qd6 32. b5 Qxe5 33. dxe5 Ra5 34. b6
Rxe5 35. Bxc6 Nd6 36. Bg2 Rc5 37. g4 h6 38. f4 f6 39. Kf2 Kf7 40. Rb2 Rc3 41.
Bd5+ e6 42. Bf3 Ke7 43. Ra2 Rb3 44. Ra8 Rxb6 45. Rg8 g5 46. hxg5 hxg5 47. fxg5
fxg5 48. Rxg5 Rb2+ 49. Kg3 Rb3 50. Kf2 Rb2+ 51. Kg3 Rb3 1/2-1/2

[Event "American Cup Blitz 2026"]
[Site "Saint Louis USA"]
[Date "2026.03.02"]
[Round "5.9"]
[White "Oparin, Grigoriy"]
[Black "Kadric, Denis"]
[Result "1-0"]
[WhiteTitle "GM"]
[BlackTitle "GM"]
[WhiteElo "2658"]
[BlackElo "2540"]
[WhiteFideId "24125890"]
[BlackFideId "14403803"]
[EventDate "2026.03.02"]

1. e4 d6 2. d4 Nf6 3. Bd3 e5 4. c3 d5 5. dxe5 Nxe4 6. Nf3 Nc5 7. O-O Nxd3 8.
Qxd3 Be7 9. Re1 O-O 10. h3 c5 11. Bf4 Nc6 12. Na3 a6 13. Rad1 Be6 14. Nc2 Qb6
15. Ne3 d4 16. cxd4 Nxd4 17. Nxd4 Rfd8 18. Nef5 Bxf5 19. Qxf5 Rxd4 20. Rxd4 cxd4
21. e6 Rf8 22. Qd5 Qd8 23. Qxb7 fxe6 24. Rxe6 Bh4 25. g3 d3 26. Rd6 Qe8 27. Qd5+
Kh8 28. gxh4 1-0

[Event "American Cup Blitz 2026"]
[Site "Saint Louis USA"]
[Date "2026.03.02"]
[Round "5.10"]
[White "Hardaway, Brewington"]
[Black "Kacharava, Nikolozi"]
[Result "1/2-1/2"]
[WhiteTitle "GM"]
[BlackTitle "GM"]
[WhiteElo "2544"]
[BlackElo "2501"]
[WhiteFideId "30941849"]
[BlackFideId "13611860"]
[EventDate "2026.03.02"]

1. e4 e5 2. Nf3 Nc6 3. Nc3 Nf6 4. h3 Bb4 5. Bd3 d6 6. Ne2 O-O 7. c3 Bc5 8. Ng3
d5 9. exd5 Qxd5 10. Qe2 h6 11. O-O Re8 12. Bc4 Qd6 13. d3 Be6 14. Bb5 Bb6 15.
Be3 a6 16. Ba4 Bxe3 17. Qxe3 b5 18. Bc2 Rad8 19. Rfe1 Bc8 20. Rad1 Bb7 21. Nh4
Nd5 22. Qe2 Nf4 23. Qg4 Qe6 24. Nhf5 Qg6 25. Qxg6 Nxg6 26. Ne4 Bc8 27. Ne3 Nf4
28. Nc5 Nd5 29. Nxd5 Rxd5 30. d4 Red8 31. Be4 R5d6 32. Bxc6 Rxc6 33. Rxe5 f6 34.
Ree1 a5 35. f3 b4 36. Kf2 bxc3 37. bxc3 Kf7 38. Rb1 Rb6 39. Na4 Rc6 40. Rec1 Be6
41. Ra1 Rb8 42. Rc2 Bf5 43. Rcc1 Rc4 44. Nc5 Rb2+ 45. Kg3 g5 46. Nb3 Ra4 47. d5
Raxa2 48. Rxa2 Rxa2 49. Nd4 Bd3 50. Ne6 Ke7 51. Rd1 Be2 52. Re1 Kd6 53. Nd4 Bc4
54. Re6+ Kxd5 55. Rxf6 Bf1 56. f4 Rxg2+ 57. Kf3 gxf4 58. Rf5+ Kc4 59. Rxa5 Rg3+
60. Kxf4 Rxc3 61. Ne6 Kb4 62. Rh5 c6 63. h4 Rc4+ 64. Ke5 Bg2 65. Rxh6 c5 66. Rh8
Re4+ 67. Kd6 c4 68. Rb8+ Ka3 69. Nc5 Rxh4 70. Ke5 Ka2 71. Na4 Rh3 72. Kd4 Rb3
73. Nc3+ Kb2 74. Na4+ Kc2 75. Rc8 Bf1 76. Nc5 Rh3 77. Ne4 Rd3+ 78. Ke5 Rh3 79.
Kd4 Rh4 80. Ke5 Bd3 81. Nc5 c3 82. Ne6 Kd2 83. Nd4 Rh5+ 84. Kf4 Rh4+ 85. Ke5 c2
86. Nf3+ Kd1 87. Nxh4 c1=Q 88. Rxc1+ Kxc1 89. Nf3 Be4 90. Kxe4 1/2-1/2

[Event "American Cup Blitz 2026"]
[Site "Saint Louis USA"]
[Date "2026.03.02"]
[Round "5.11"]
[White "Munkhdalai, Amilal"]
[Black "Akobian, Varuzhan"]
[Result "1/2-1/2"]
[WhiteTitle "IM"]
[BlackTitle "GM"]
[WhiteElo "2455"]
[BlackElo "2549"]
[WhiteFideId "4903250"]
[BlackFideId "13300580"]
[EventDate "2026.03.02"]

1. e4 e6 2. d4 d5 3. Nd2 a6 4. c3 c5 5. exd5 exd5 6. Ngf3 Nc6 7. dxc5 Bxc5 8.
Nb3 Bb6 9. Be2 Nf6 10. O-O O-O 11. Nfd4 Re8 12. Bf4 Ne4 13. Bf3 Qf6 14. Nxc6
bxc6 15. Qc1 Bf5 16. Be3 Bxe3 17. fxe3 Qg6 18. Nd4 Bd7 19. Bxe4 Qxe4 20. Rf3 c5
21. Nb3 Rac8 22. Qd2 Bb5 23. Re1 h6 24. Qf2 Re7 25. Rf4 Qg6 26. e4 dxe4 27. Qe3
Qd6 28. Rxe4 Rxe4 29. Qxe4 Bc6 30. Qe5 Qg6 31. Qg3 Qc2 32. Qf2 Qg6 33. Qg3 1/2-1/2

[Event "American Cup Blitz 2026"]
[Site "Saint Louis USA"]
[Date "2026.03.02"]
[Round "5.12"]
[White "Matviishen, Viktor"]
[Black "Mikaelyan, Arman"]
[Result "1-0"]
[WhiteTitle "GM"]
[BlackTitle "GM"]
[WhiteElo "2533"]
[BlackElo "2494"]
[WhiteFideId "14129850"]
[BlackFideId "13304852"]
[EventDate "2026.03.02"]

1. d4 Nf6 2. c4 g6 3. Nc3 Bg7 4. e4 d6 5. Be2 O-O 6. Be3 c5 7. d5 Qb6 8. Qd2 e6
9. Nf3 exd5 10. exd5 Bf5 11. O-O Ne4 12. Nxe4 Bxe4 13. Ng5 Bf5 14. b3 a5 15. g4
Bc8 16. Rab1 Nd7 17. f4 Re8 18. Bf2 Nf6 19. f5 h6 20. fxg6 hxg5 21. gxf7+ Kxf7
22. Bd3 Kg8 23. Qxg5 Qd8 24. Bh4 Rf8 25. Qg6 Bd7 26. Rxf6 Rxf6 27. Bxf6 Qxf6 28.
Qh7+ Kf8 29. Rf1 Qxf1+ 30. Kxf1 Re8 31. Qg6 Be5 32. Bf5 Bxf5 33. Qxf5+ Ke7 34.
Kg2 a4 35. bxa4 Ra8 36. Qe6+ Kf8 37. Qd7 Re8 38. Qxb7 Bd4 39. a5 Re2+ 40. Kg3
Re3+ 41. Kf4 Re7 42. Qxe7+ 1-0

[Event "American Cup Blitz 2026"]
[Site "Saint Louis USA"]
[Date "2026.03.02"]
[Round "5.13"]
[White "Chirila, Ioan-Cristian"]
[Black "Dudin, Gleb"]
[Result "1-0"]
[WhiteTitle "GM"]
[BlackTitle "GM"]
[WhiteElo "2506"]
[BlackElo "2596"]
[WhiteFideId "1211668"]
[BlackFideId "34184934"]
[EventDate "2026.03.02"]

1. d4 Nf6 2. c4 g6 3. Nc3 Bg7 4. e4 d6 5. Be2 O-O 6. Bg5 Nbd7 7. f4 e5 8. fxe5
dxe5 9. d5 c6 10. Nf3 Qb6 11. Qd2 Nc5 12. Qc2 cxd5 13. cxd5 Bg4 14. h3 Bxf3 15.
Bxf3 Rac8 16. Be3 Qa6 17. Rd1 Ne8 18. Be2 Qa5 19. a3 Nd7 20. O-O Nd6 21. Bg4
Rfd8 22. Qf2 b6 23. Bg5 f6 24. Be6+ Nf7 25. Bxd7 Rxd7 26. Bxf6 Qc5 27. Rc1 Bxf6
28. Qxc5 Rxc5 29. Rxf6 Nd6 30. Rcf1 Nc4 31. Rc6 Rxc6 32. dxc6 Rd8 33. Nd5 Kg7
34. Ne7 Nd6 35. Rd1 Kf6 36. c7 Re8 37. Nc6 Nc8 38. Rd8 Kf7 39. Nxe5+ Rxe5 40.
Rxc8 Rc5 41. Rh8 1-0

[Event "American Cup Blitz 2026"]
[Site "Saint Louis USA"]
[Date "2026.03.02"]
[Round "5.14"]
[White "Fier, Alexandr"]
[Black "Celik, Hasan Huseyin"]
[Result "1-0"]
[WhiteTitle "GM"]
[BlackTitle "IM"]
[WhiteElo "2572"]
[BlackElo "2495"]
[WhiteFideId "2107139"]
[BlackFideId "44506759"]
[EventDate "2026.03.02"]

1. d4 Nf6 2. c4 c6 3. Nf3 d5 4. Nc3 e6 5. Bg5 h6 6. Bh4 Nbd7 7. e3 Be7 8. Rc1
O-O 9. Qc2 b6 10. cxd5 cxd5 11. Bd3 Bb7 12. O-O a6 13. Qe2 b5 14. a4 b4 15. Nb1
a5 16. Nbd2 Qb6 17. Ne5 Bd6 18. f4 Rfc8 19. Bb5 Rc7 20. Rxc7 Qxc7 21. Nb3 Nb6
22. Rc1 Qe7 23. Ng4 Nc4 24. e4 Bxf4 25. e5 Nxg4 26. Bxe7 Be3+ 27. Kf1 Nxh2+ 28.
Ke1 Bxc1 29. Nxc1 Rc8 30. Nd3 h5 31. Qxh5 Ne3 32. Nc5 Nhg4 33. Ke2 Bc6 34. Bxc6
Rxc6 35. Bg5 Nf5 36. Qxg4 Kf8 37. Be3 Kg8 38. Qg5 Rc8 39. g4 Nh6 40. Qh5 1-0

[Event "American Cup Blitz 2026"]
[Site "Saint Louis USA"]
[Date "2026.03.02"]
[Round "5.15"]
[White "Can, Isik"]
[Black "Putnam, Liam"]
[Result "1/2-1/2"]
[WhiteTitle "GM"]
[BlackTitle "IM"]
[WhiteElo "2562"]
[BlackElo "2485"]
[WhiteFideId "6383742"]
[BlackFideId "30938279"]
[EventDate "2026.03.02"]

1. e4 c5 2. Nf3 Nc6 3. d4 cxd4 4. Nxd4 Nf6 5. Nc3 e6 6. a3 d6 7. Be3 Be7 8. Be2
O-O 9. f4 Bd7 10. g4 Nxd4 11. Bxd4 e5 12. fxe5 dxe5 13. Bxe5 Qc8 14. g5 Ng4 15.
Bf4 Bc5 16. Qd2 Bf2+ 17. Kf1 Bc5 18. Nd5 Nf2 19. Ne7+ Bxe7 20. Kxf2 Bc6 21. Bf3
f5 22. e5 Bxf3 23. Kxf3 Qc6+ 24. Kg3 Rfd8 25. Qe2 Rd4 26. Rad1 Re4 27. Qd3 h6
28. h4 Rd8 29. Qb3+ Kh7 30. Rxd8 Bxd8 31. Rd1 Bb6 32. Qf7 Re2 33. g6+ Qxg6+ 34.
Qxg6+ Kxg6 35. Rd6+ Kh5 36. Rd7 g5 37. hxg5 hxg5 38. Bd2 Rxe5 39. Rxb7 f4+ 40.
Bxf4 gxf4+ 41. Kxf4 Re2 42. b4 Rxc2 43. a4 Kg6 44. a5 Bf2 45. Ke5 Rc6 46. b5 Rf6
47. b6 axb6 48. a6 b5 49. a7 Rf8 50. Rxb5 Bxa7 51. Rb7 Be3 52. Ke4 Bg5 53. Rb6+
Bf6 54. Ra6 Re8+ 55. Kf4 Rh8 56. Ra5 Rh4+ 57. Kf3 Rb4 58. Ke3 Kf7 59. Kd3 Ke6
60. Ke3 Be5 61. Kd3 Kf5 62. Kc2 Ke4 63. Ra3 Rb2+ 64. Kc1 Rh2 65. Rb3 Kd4 66. Kd1
Kc4 67. Rf3 Bc3 68. Rf4+ Kd3 69. Rf3+ Kd4 70. Rg3 Rd2+ 71. Kc1 Kc4 72. Rg8 Rd7
73. Kc2 Rd2+ 74. Kc1 Rh2 75. Rd8 Bd4 76. Kb1 Kd3 77. Rc8 Rb2+ 78. Kc1 Ra2 79.
Kd1 Rh2 80. Re8 Rd2+ 81. Ke1 Rg2 82. Rf8 Rc2 83. Kf1 Ra2 84. Rf3+ Be3 85. Rf8
Ke4 86. Rf7 Bf4 87. Ke1 Kf3 88. Kd1 Rd2+ 89. Ke1 Rd5 90. Rf8 Rc5 91. Rd8 Rc4 92.
Rd7 Rc1+ 93. Rd1 Rc2 94. Rd3+ Be3 95. Rd8 Rh2 96. Kd1 Ra2 97. Re8 Kf4 98. Re7
Bd4 99. Re2 Ra3 100. Kc2 Kf3 101. Re8 Kf4 102. Kd2 Be5 103. Ke2 Ke4 104. Ke1 Ra2
105. Re7 Kd4 106. Kf1 Rb2 107. Re8 Ke4 108. Ke1 Rh2 109. Re7 Kf4 110. Kd1 Bd4
111. Re2 Rh3 112. Kc2 Rc3+ 113. Kd2 Ra3 114. Re8 Be3+ 115. Ke2 Bd4 116. Rf8+ Ke4
117. Re8+ Be5 118. Ke1 Ra2 119. Re7 Kd4 120. Kf1 Ke4 121. Ke1 Ra5 122. Ke2 Rd5
123. Re8 Rd7 124. Ke1 Rh7 125. Ke2 Rh5 1/2-1/2

[Event "American Cup Blitz 2026"]
[Site "Saint Louis USA"]
[Date "2026.03.02"]
[Round "5.16"]
[White "Alexakis, Dimitris"]
[Black "Rosen, Eric"]
[Result "1-0"]
[WhiteTitle "GM"]
[BlackTitle "IM"]
[WhiteElo "2538"]
[BlackElo "2377"]
[WhiteFideId "4277023"]
[BlackFideId "2032562"]
[EventDate "2026.03.02"]

1. e4 c5 2. Nf3 Nc6 3. Bb5 d6 4. O-O Bd7 5. Re1 a6 6. Bxc6 Bxc6 7. d4 cxd4 8.
Nxd4 Rc8 9. c4 e6 10. Nc3 Be7 11. b3 Nf6 12. Bb2 O-O 13. Qd2 Re8 14. Rad1 Qc7
15. f3 b6 16. Qf2 Bb7 17. Rc1 Nd7 18. f4 Bf6 19. Rcd1 Qc5 20. Nde2 Red8 21. Nd4
Qh5 22. h3 Bh4 23. g3 Bf6 24. Kh2 Nc5 25. g4 Qh4 26. Qe2 Nxe4 27. Nxe4 Bxe4 28.
Qxe4 Qf2+ 29. Qg2 Qxf4+ 30. Kh1 b5 31. Rf1 Qh6 32. cxb5 axb5 33. Nc6 Rxc6 34.
Bxf6 Rdc8 35. g5 Qh5 36. Bd4 Rc2 37. Qf3 Qg6 38. a4 e5 39. Be3 bxa4 40. bxa4 Rb2
41. a5 e4 42. Qf5 Rcc2 43. Bg1 e3 44. Qxg6 hxg6 45. Ra1 e2 46. Rfe1 Rb3 47. a6
Rc8 48. a7 Ra8 49. Rxe2 Rxh3+ 50. Kg2 Rh4 51. Rb2 Rg4+ 52. Kf1 Rxa7 53. Bxa7
Rxg5 54. Bf2 Rf5 55. Ra3 1-0

[Event "American Cup Blitz 2026"]
[Site "Saint Louis USA"]
[Date "2026.03.02"]
[Round "5.17"]
[White "Kavutskiy, Kostya"]
[Black "Caglar, Sila"]
[Result "1-0"]
[WhiteTitle "IM"]
[BlackTitle "WIM"]
[WhiteElo "2330"]
[BlackElo "2215"]
[WhiteFideId "2026384"]
[BlackFideId "6364063"]
[EventDate "2026.03.02"]

1. Nf3 d5 2. g3 Nf6 3. Bg2 e6 4. O-O Bd6 5. c4 O-O 6. b3 Re8 7. Bb2 Nc6 8. d4 b6
9. Nc3 Bb7 10. cxd5 exd5 11. e3 a6 12. Rc1 Qd7 13. a3 Na5 14. Nd2 c5 15. Na4 Qb5
16. dxc5 bxc5 17. Bxf6 gxf6 18. Nxc5 Bxc5 19. b4 Ba7 20. bxa5 Qxa5 21. Rb1 Bc6
22. Nb3 Qxa3 23. Qg4+ Kh8 24. Qf5 Qd6 25. Rfd1 Re5 26. Qf4 Rae8 27. Nd4 Ba8 28.
Rdc1 Qe7 29. Kh1 Qd6 30. Bf1 a5 31. Bd3 Bxd4 32. Qxd4 Rh5 33. h4 Qe5 34. Rb6 Kg7
35. Kg1 a4 36. Ra1 Qxd4 37. exd4 f5 38. Rxa4 Rh6 39. Rb5 Rf6 40. Ra7 Bc6 41. Rb6
Ree6 42. Raa6 Rd6 43. Be2 Kg6 44. f4 h6 45. Bf3 Rfe6 46. Kf2 Kf6 47. Be2 Ke7 48.
Bd3 Kf6 49. Ra5 Bd7 50. Rb8 Be8 51. Raa8 Bc6 52. Ra7 Re7 53. Rxe7 Kxe7 54. Bxf5
Kf6 55. Bd3 Bd7 56. Kf3 h5 57. Ra8 Bg4+ 58. Kf2 Rb6 59. Ra6 Rxa6 60. Bxa6 Ke6
61. Bc8+ Kf6 62. Bxg4 hxg4 63. Ke3 Kf5 64. Kd3 f6 65. Kc3 Ke4 66. h5 Kf5 67. Kb4
Ke6 68. Kc5 Kf5 69. h6 Kg6 70. Kxd5 Kxh6 71. Ke6 Kg6 72. d5 1-0